000
00199 a2200097 4500
001
5676
100
_a
Starling,SG
245
_a
Electricity & magnitism
260
_a
_b
Green
_c
090
_c
4664
_d
4664
942
_a
NUST-CAE
_c
M
_c
31005
999
_c
240749
_d
240749